Exotica in the prehistoric Mediterranean /

محفوظ في:

مؤلفون آخرون: Vianello, Andrea, 1975-

التنسيق: كتاب

اللغة: English

منشور في: Oxford : Oakville, CT : Oxbow Books ; David Brown Book Co., c2011.

الموضوعات:

الوسوم: إضافة وسم

لا توجد وسوم, كن أول من يضع وسما على هذه التسجيلة!

رقم الطلب: GN848 .E96 2011

LEADER 01085namaa2200313 4500
001 24758
003 OSt
005 20250807083726.0
008 130303s2011 enkabf g b 000 0 eng d
010 |a 2011021535 
020 |a 184217424X 
020 |a 9781842174241 
040 |c ARCE Library 
043 |a mm----- 
050 4 |a GN848 .E96 2011 
245 0 0 |a Exotica in the prehistoric Mediterranean /   |c edited by Andrea Vianello. 
264 1 |a Oxford :   |b Oxbow Books ;   |a Oakville, CT :   |b David Brown Book Co.,   |c c2011. 
300 |a viii, 200 pages, [8] pages of color plates :   |b illustrations, maps ;   |c 30 cm. 
500 |a OCLC 695655021 
504 |a Includes bibliographical references. 
650 0 |a Commerce, Prehistoric  |z Mediterranean Region. 
650 0 |a Material culture  |z Mediterranean Region. 
650 0 |a Navigation, Prehistoric  |z Mediterranean Region. 
650 0 |a Social archaeology  |z Mediterranean Region. 
651 0 |a Mediterranean Region  |x Antiquities. 
700 1 |a Vianello, Andrea,   |d 1975-   |9 41660 
901 |a reviewed 
942 |c BK  |2 lcc 
999 |c 23078  |d 23078